000 02185cab a2200421 4500
001 L130030
008 050616n2005 000 0 eng u
035 _a(Sirsi) u130030
041 _aeng
100 _aNdekugri, Issaka
245 _aInsolvency and resolution of construction contract disputes by adjudication in the UK construction industry
260 _c2005
490 _aConstruction Management and Economics
_v23(4) May 2005, 399-408(10)
520 _aPresents a critical review of all the cases where the courts have dealt with the effects of insolvency on the right to adjudicate and the enforceability of adjudicators' decisions. Argues that the courts may decline to enforce an adjudicator's payment decision when it is concluded that the payee would be unable to make repayment; the only exception to this would occur when the other party is in administration.
590 _aIKA210605
650 _aLATHAM REFORMS
650 _aHOUSING GRANTS, CONSTRUCTION AND REGENERATION ACT 1996
650 _aBOUYGUES UK LTD V DAHL-JENSEN UK LTD
650 _aCIVIL PROCEDURE RULES
650 _aINSOLVENCY ACT 1986
650 _aA STRAUME (UK) LTD V BRADLOR DEVELOPMENTS LTD
650 _aPARKE V FENTON GREEN PARTNERSHIP
650 _aGUARDI SHOES LTD V DATUM CONTRACTS
650 _aSEAWIND TANKERS CORPORATION V BAYOIL SA
650 _aRE A DEBTOR (NO 87 OF 1999)
650 _aMONTGOMERY V WANDA MODES LTD
650 _aHERSCHEL ENGINEERING LTD V BREEN PROPERTY LTD
650 _aABSOLUTE RENTALS LTD V GENCOR ENTERPRISES LTD
650 _aNIKKO HOTELS (UK) LTD V MEPC PLC
650 _aRAINFORD HOUSE LTD V CADOGAN LTD
650 _aISOVEL CONTRACTS LTD V ABB BUILDING TECHNOLOGIES LTD
650 _aSL TIMBER SYSTEMS LTD V CARILLION CONSTRUCTION LTD
650 _aHIGHLAND COUNCIL FOR SUSPENSION OF A CHARGE FOR PAYMENT OF MONEY AND SUSPENSION AD INTERIM
650 _aTHIRD PARTIES (RIGHTS AGAINST INSURERS) ACT 1930
650 _aGALLIFORD UK LTD V MARKEL CAPITAL LTD
690 _aMANAGEMENT-DISPUTE AVOIDANCE, MANAGEMENT AND RESOLUTION-DISPUTE MANAGEMENT AND RESOLUTION-ALTERNATIVE DISPUTE RESOLUTION-ADJUDICATION
942 _n0
999 _c75405
_d75405